[Event "BRA-ch (Women) 58th"]
[Site "Rio de Janeiro"]
[Date "2019.02.17"]
[Round "1.2"]
[White "Gazola, Vanessa Ramos"]
[Black "De Melo, Gabrieli"]
[Result "1/2-1/2"]
[WhiteElo "1951"]
[BlackElo "1792"]
[PlyCount "169"]
[EventDate "2019.02.16"]
[EventType "k.o."]
[EventRounds "4"]
[EventCountry "BRA"]
[SourceTitle "CBM 189 Extra"]
[Source "ChessBase"]
[SourceDate "2019.06.03"]
[SourceVersion "1"]
[SourceVersionDate "2019.06.03"]
[SourceQuality "1"]

1. d4 Nf6 2. c4 e6 3. g3 d5 4. Nf3 Be7 5. Bg2 0-0 6. 0-0 Nbd7 7. b3 b6 8. Qc2 Bb7 9. cxd5 exd5 10. Bf4 Rc8 11. Nc3 a6 12. Rfd1 Nh5 13. Be3 Nhf6 14. Bh3 Bd6 15. Bg5 Rb8 16. Nh4 h6 17. Bc1 Ne4 18. Nf5 Ndf6 19. Nxd6 Nxd6 20. Ba3 Bc8 21. Bg2 Be6 22. Na4 Qd7 23. Rac1 Rfc8 24. e3 Nb5 25. Bb4 a5 26. Be1 Bf5 27. Qe2 Nd6 28. Nb2 Qb5 29. Qxb5 Nxb5 30. Bf1 c6 31. Nd3 Bxd3 32. Bxd3 Nd6 33. Rc2 Nb7 34. Rdc1 Nd8 35. b4 b5 36. bxa5 Kf8 37. Bb4+ Ke8 38. f3 Kd7 39. g4 g6 40. h4 Ne6 41. Rg2 h5 42. gxh5 Nxh5 43. f4 Rg8 44. f5 gxf5 45. Bxf5 Ng3 46. Bxe6+ fxe6 47. Kh2 Nf5 48. Rcg1 Rh8 49. Rg4 Rh7 50. Be1 b4 51. e4 dxe4 52. Rxe4 Rb5 53. Re5 Nxd4 54. Rxb5 Nxb5 55. Rg5 Nd4 56. Kg2 Nf5 57. Bxb4 Rxh4 58. a3 Rh7 59. Kf2 Rh8 60. Ke2 Kc7 61. Kd3 Kb7 62. Rg6 Re8 63. Kc4 Ne3+ 64. Kc5 Nf5 65. Rf6 Re7 66. Rf8 Rd7 67. a6+ Ka7 68. Kxc6 Rd5 69. Bc5+ Rxc5+ 70. Kxc5 Kxa6 71. Kc6 Nd4+ 72. Kd6 Kb5 73. Ke5 Nc2 74. Ra8 Ne3 75. Kxe6 Nc4 76. a4+ Kb4 77. Ra6 Na5 78. Kd5 Nc4 79. Kd4 Na5 80. Ra8 Nc6+ 81. Kd5 Na5 82. Ra7 Nb3 83. Rb7+ Kxa4 84. Kc4 Na5+ 85. Kd4 1/2-1/2

[Event "Porto Alegre IRT 50"]
[Site "Porto Alegre"]
[Date "2016.05.08"]
[Round "4"]
[White "De Melo, Gabrieli"]
[Black "Friedrich, Carlos Ernesto Gall"]
[Result "1/2-1/2"]
[WhiteElo "1374"]
[BlackElo "1726"]
[PlyCount "82"]
[EventDate "2016.05.06"]
[EventType "swiss"]
[EventRounds "5"]
[EventCountry "BRA"]
[SourceTitle "CBM 172 Extra"]
[Source "ChessBase"]
[SourceDate "2016.06.21"]
[SourceVersion "1"]
[SourceVersionDate "2016.06.21"]
[SourceQuality "1"]

1. c4 Nf6 2. Nc3 d6 3. d4 g6 4. e4 Bg7 5. Be2 0-0 6. Nf3 c5 7. 0-0 cxd4 8. Nxd4 Nc6 9. Be3 Bd7 10. f3 Rc8 11. Nxc6 bxc6 12. Qd2 Qa5 13. Rac1 Rfe8 14. Rfd1 Be6 15. b3 Rcd8 16. Nd5 Qxd2 17. Nxf6+ Bxf6 18. Rxd2 c5 19. f4 h5 20. h3 h4 21. Rcd1 Rb8 22. Bg4 Kh7 23. Rd3 Rg8 24. Bd2 Bd4+ 25. Be3 Bxe3+ 26. Rxe3 Rge8 27. Bxe6 fxe6 28. e5 Rb6 29. Kf2 Kg7 30. Kf3 Kf7 31. Kg4 Rh8 32. g3 hxg3 33. Kxg3 Rh5 34. exd6 Rxd6 35. Rde1 Rf5 36. Kg4 Kf6 37. h4 a5 38. Re4 Kf7 39. R1e2 Kf6 40. Re5 Kf7 41. R5e4 Kf6 1/2-1/2

[Event "Porto Alegre IRT 50"]
[Site "Porto Alegre"]
[Date "2016.05.07"]
[Round "3"]
[White "Caceres, Elton Carlos"]
[Black "De Melo, Gabrieli"]
[Result "1-0"]
[WhiteElo "1854"]
[BlackElo "1374"]
[PlyCount "63"]
[EventDate "2016.05.06"]
[EventType "swiss"]
[EventRounds "5"]
[EventCountry "BRA"]
[SourceTitle "CBM 172 Extra"]
[Source "ChessBase"]
[SourceDate "2016.06.21"]
[SourceVersion "1"]
[SourceVersionDate "2016.06.21"]
[SourceQuality "1"]

1. e4 c5 2. Nf3 Nc6 3. d4 cxd4 4. Nxd4 Nf6 5. Nxc6 bxc6 6. Bd3 g6 7. 0-0 d6 8. Re1 Qc7 9. c4 Bg7 10. Nc3 0-0 11. h3 Rb8 12. Qc2 Nd7 13. b3 Nc5 14. Bb2 Nxd3 15. Qxd3 Qa5 16. Na4 Bxb2 17. Nxb2 Qe5 18. Qc2 Qg5 19. Qc3 f6 20. Rad1 Qe5 21. Qd2 c5 22. Nd3 Qe6 23. Nf4 Qf7 24. Nd5 Be6 25. f4 Kg7 26. Re3 Bxd5 27. exd5 Rb7 28. Rde1 Rd8 29. g4 h6 30. Re6 Kf8 31. h4 f5 32. Qd3 1-0

[Event "Porto Alegre IRT 50"]
[Site "Porto Alegre"]
[Date "2016.05.07"]
[Round "2"]
[White "Presa, Luis Alberto Passos"]
[Black "De Melo, Gabrieli"]
[Result "0-1"]
[WhiteElo "1744"]
[BlackElo "1374"]
[PlyCount "100"]
[EventDate "2016.05.06"]
[EventType "swiss"]
[EventRounds "5"]
[EventCountry "BRA"]
[SourceTitle "CBM 172 Extra"]
[Source "ChessBase"]
[SourceDate "2016.06.21"]
[SourceVersion "1"]
[SourceVersionDate "2016.06.21"]
[SourceQuality "1"]

1. d4 Nf6 2. b3 g6 3. Bb2 Bg7 4. Nf3 0-0 5. Nbd2 d5 6. e3 Nbd7 7. c4 e6 8. Bd3 c5 9. 0-0 b6 10. e4 dxe4 11. Nxe4 cxd4 12. Bxd4 Rb8 13. Qe2 Bb7 14. Rfd1 Qe7 15. Rac1 Nxe4 16. Bxe4 Bxe4 17. Qxe4 Nf6 18. Qh4 Rbc8 19. Be5 Rfd8 20. Nd2 Nd5 21. Qxe7 Nxe7 22. Bxg7 Kxg7 23. Ne4 f5 24. Nd6 Rc7 25. Nb5 Rcd7 26. Nc3 Nc6 27. Kf1 Rxd1+ 28. Nxd1 Kf6 29. Nc3 g5 30. Ke2 Nd4+ 31. Ke3 Ke5 32. f3 Nc6 33. Rd1 Rxd1 34. Nxd1 f4+ 35. Kd2 h5 36. Nc3 Kf5 37. Ne4 g4 38. c5 bxc5 39. Nxc5 Nd4 40. fxg4+ hxg4 41. Nd3 e5 42. b4 e4 43. Ne1 Ke5 44. a4 f3 45. gxf3 gxf3 46. Ke3 Nf5+ 47. Kf2 Kf4 48. Nc2 e3+ 49. Kf1 Nd6 50. h4 Ne4 0-1